• 首页
  • 本馆介绍
  • 公告通知
  • 最新文献
  • 馆藏检索
  • 电子资源
  • 读者导购
  • 参考咨询
  • 我的图书馆
  • 登录
  • 详细信息显示
  • 放入我的书架
  • 预约/预借图书
  • 作者相关作品
  • 分类相关作品
  • 丛书相关作品
  • 出版社相关作品

书目信息

  • 表格格式
  • 工作单格式
  • 卡片格式
题名:
红墙知情者说
    
 
作者: 陈敦德 著
分册: Ⅳ   新中国外交部组建始末
出版信息: 北京   中国青年出版社  2011.04
页数: 263页
开本: 25cm
丛书名:
单 册:
中图分类: I253.1 , K260.6
科图分类:
主题词: 纪实文学--作品集--中国--当代 , 现代史
电子资源:
ISBN: 978-7-5006-9121-1
000 01004nam0 2200301 45
001 1237638200
005 20120619082138.65
010    @a978-7-5006-9121-1@dCNY35.00
100    @a20110325d2011 em y0chiy50 ea
101 0  @achi
102    @aCN@b110000
105    @aa z 000yy
106    @ar
200 1  @a红墙知情者说@AHong Qiang Zhi Qing Zhe Shuo@hⅣ@i新中国外交部组建始末@IXin Zhong Guo Wai Jiao Bu Zu Jian Shi Mo@f陈敦德著@FChen Dun De Zhu
205    @a2版
210    @a北京@c中国青年出版社@d2011.04
215    @a263页@c图,照片@d25cm
330    @a本书主要内容包括:共和国是怎么组建外交部的;南京刚解放时,毛泽东亲自掌握的中美“师生接触”;和平共处五项原则诞生的前前后后等。
606 0  @a纪实文学@x作品集@y中国@z当代
606 0  @a现代史
607    @a纪实文学
607    @a中国历史
607    @a中国历史@x现代史@x史料
690    @aI253.1@v4
690    @aK260.6@v4
701  0 @a陈敦德@AChen Dun De@4著
801  0 @aCN@bTSTCL@c20120604
905    @b0817635-38@dI253.1@e833:4=2@f4
    
    红墙知情者说.Ⅳ.新中国外交部组建始末/陈敦德著.-2版.-北京:中国青年出版社,2011.04
    263页:图,照片;25cm
    
    
    ISBN 978-7-5006-9121-1:CNY35.00
    本书主要内容包括:共和国是怎么组建外交部的;南京刚解放时,毛泽东亲自掌握的中美“师生接触”;和平共处五项原则诞生的前前后后等。
●
相关链接 在E读中查询图书 在五车中查询图书 在当当中查询图书 在豆瓣中查询图书


正题名:红墙知情者说     索取号:I253.1/833:4=2         预约/预借

序号 登录号 条形码 馆藏地/架位号 状态 备注
1 0817635   208176356   第一样本阅览室/ [索取号:I253.1/833:4=2] 在馆    
2 0817636   208176365   第二借阅区/ [索取号:I253.1/833:4=2] 在馆    
3 0817637   208176374   第二借阅区/ [索取号:I253.1/833:4=2] 在馆    
4 0817638   208176383   第二借阅区/ [索取号:I253.1/833:4=2] 在馆    
唐山师范学院图书馆 欢迎您!
大连网信软件有限公司© 版权所有